| 000 | 01530nam a2200337 c 4500 | ||
|---|---|---|---|
| 003 | BLK | ||
| 005 | 20240706005354.0 | ||
| 008 | 180408b bul|||||r ||||||| ||bul|| | ||
| 010 | _aKNG00083392000 | ||
| 020 |
_a978-954-431-338-8 _bиздат.: Златното пате |
||
| 040 | _aBLK | ||
| 041 |
_aBUL _cBUL |
||
| 080 |
_aРуска литература _b821.161.1 _x-93-1 _z821.161.1-93-1 |
||
| 080 |
_aИздания за деца и юноши. Книжки-картинки. Читанки. Вж и 372.4 _b087.5 _x _z087.5 |
||
| 100 | 1 |
_aКорнеева, Олга Тихоновна _eпърви автор _982487 |
|
| 700 |
_aЗлатарева, Галина Йорданова _d1954 _9363759 |
||
| 700 | 1 |
_aЕсаулов, Иля Владимирович _eхудож. _9372155 |
|
| 700 |
_aЗлатарева, Галина Йорданова _d1954 _9363759 |
||
| 139 |
_aКорнеева, Олга Тихоновна _bК 85 |
||
| 245 | 1 | 0 |
_aКой е този цвят? _cОлга Тихоновна Корнеева; прев. на стиховете Галина Златина; худож. Иля Владимирович Есаулов; * Галина Йорданова Златарева. |
| 257 | _aRUS | ||
| 260 |
_аСофия _bЗлатното пате _c2007 |
||
| 300 |
_a10 с. _bс цв. ил. _c20 см |
||
| 380 | _aDX | ||
| 852 | _aЦб 239774 | ||
| 856 | 4 |
_qpdf _u |
|
| 856 | 4 |
_qpdf _u |
|
| 942 |
_cKNG _n0 _012 |
||
| 944 |
_aCR _c21.04.2008 _k _lCRON CRON |
||
| 944 |
_aED _c03.11.2008 _k |
||
| 999 |
_c78924 _d78924 |
||